Ulysses

Zapisane w:
Opis bibliograficzny
1. autor: J Joya
Format: Książka
Język:Undetermined
Wydane: New York The Modern Library 1992
Hasła przedmiotowe:
Etykiety: Dodaj etykietę
Nie ma etykietki, Dołącz pierwszą etykiete!
Thư viện lưu trữ: Trung tâm Học liệu Trường Đại học Cần Thơ
LEADER 00477nam a2200181Ia 4500
001 CTU_11177
008 210402s9999 xx 000 0 und d
082 |a 823.912 
082 |b J89 
100 |a J Joya 
245 0 |a Ulysses 
245 0 |c J Joya 
260 |a New York 
260 |b The Modern Library 
260 |c 1992 
650 |a english fiction - 20th century 
904 |i Nguyễn Quang Điền, 961016 
980 |a Trung tâm Học liệu Trường Đại học Cần Thơ